Normal view
MARC view
- Ns Syed Saqeeb Ul Hassan Ns Muhammad Nauman Tariq Ns Hussain Asghar
Entry Personal Name
001 - CONTROL NUMBER
- control field: 85418
003 - CONTROL NUMBER IDENTIFIER
- control field: NUST
005 - DATE AND TIME OF LATEST TRANSACTION
- control field: 20211202143856.0
008 - FIXED-LENGTH DATA ELEMENTS
- fixed length control field: 211202|| aca||aabn | a|a d
040 ## - CATALOGING SOURCE
- Original cataloging agency: NUST
- Transcribing agency: NUST
100 ## - HEADING--PERSONAL NAME
- Personal name: Ns Syed Saqeeb Ul Hassan Ns Muhammad Nauman Tariq Ns Hussain Asghar
670 ## - SOURCE DATA FOUND
- Source citation: Work cat.: (NUST): Ns Syed Saqeeb Ul Hassan Ns Muhammad Nauman Tariq Ns Hussain Asghar, PR-SOF-2000-Network Accessibility Solution, 2021.
